Normal view MARC view

Entry Personal Name

Number of records used in: 1

001 - CONTROL NUMBER

  • control field: 957963

003 - CONTROL NUMBER IDENTIFIER

  • control field: OSt

005 - DATE AND TIME OF LATEST TRANSACTION

  • control field: 20260121112446.0

008 - FIXED-LENGTH DATA ELEMENTS

  • fixed length control field: 260121|| aca||aabn | a|a d

040 ## - CATALOGING SOURCE

  • Original cataloging agency: OSt
  • Transcribing agency: OSt

100 ## - HEADING--PERSONAL NAME

  • Personal name: Carter J Scott

670 ## - SOURCE DATA FOUND

  • Source citation: Work cat.: (OSt)1543470: Carter J Scott, Excursion in Diagrammatic Algebra, An: Turning a Sphere from Red to Blue
Copyright @ Delhi University Library System